| 000 | 00627cam a2200241ua 4500 | ||
|---|---|---|---|
| 020 |
_a9788120317048 _c425.00 |
||
| 041 |
_aeng _h |
||
| 082 |
_a005.369 _bHOU/US |
||
| 100 | _aHouse, Ron. | ||
| 245 |
_aUsing Autocad 2000 / _cRon House. _hTextual Documents |
||
| 250 |
_aSpecial / _b. |
||
| 260 |
_aNew Delhi : _bPrentice Hall of India Pvt Ltd. , _c2000. |
||
| 300 | _a816527 ; . | ||
| 365 | _a425.00 | ||
| 504 | _a | ||
| 700 | 1 | _aBainer, Roy . | |
| 700 | 1 | _aBarger, E L. | |
| 700 | 1 | _aBrooks, John . | |
| 700 | 1 | _aRichardson, Paul W . | |
| 700 | 1 | _aVance, Dylan . | |
| 942 | _cBK | ||
| 999 |
_c9476 _d9476 |
||